000 00193 a2200097 4500
001 5107
100 _aBraunbek,W
245 _aDrama of the atom
260 _a
_bOliver
_c
090 _c4250
_d4250
942 _aNUST-CAE
_cM
_c30546
999 _c240180
_d240180